Bible Book by Letter Blitz Quiz Stats

 Plays Quiz Updated Feb 26, 2018

Score 0/66 Timer 01:00
10 Plays Today
Section Book % Correct
JJeremiah
93.5%
JJames
93.5%
JJob
93.5%
JJoel
93.5%
JJohn
93.5%
J1 John
93.5%
J2 John
93.5%
J3 John
93.5%
JJonah
93.5%
JJoshua
93.5%
JJude
93.5%
JJudges
93.5%
EEcclesiastes
90.4%
EEphesians
90.4%
EEsther
90.4%
EExodus
90.4%
EEzekiel
90.4%
EEzra
90.4%
LLamentations
84.9%
LLeviticus
84.9%
LLuke
84.9%
GGalatians
84.3%
GGenesis
84.3%
AActs
82.7%
AAmos
82.7%
DDaniel
79.1%
DDeuteronomy
79.1%
MMalachi
78.1%
MMark
78.1%
MMatthew
78.1%
MMicah
78.1%
C1 Chronicles
77.6%
C2 Chronicles
77.6%
Section Book % Correct
C1 Corinthians
77.6%
C2 Corinthians
77.6%
CColossians
77.6%
RRevelation
71.7%
RRomans
71.7%
RRuth
71.7%
P1 Peter
70.6%
P2 Peter
70.6%
PPhilemon
70.6%
PPhilippians
70.6%
PProverbs
70.6%
PPsalms
70.6%
HHabakkuk
65.3%
HHaggai
65.3%
HHebrews
65.3%
HHosea
65.3%
NNahum
63.2%
NNehemiah
63.2%
NNumbers
63.2%
K1 Kings
60.4%
K2 Kings
60.4%
IIsaiah
57%
T1 Thessalonians
44.4%
T2 Thessalonians
44.4%
T1 Timothy
44.4%
T2 Timothy
44.4%
TTitus
44.4%
S1 Samuel
42.4%
S2 Samuel
42.4%
SSong of Solomon
42.4%
OObadiah
41.3%
ZZechariah
32.1%
ZZephaniah
32.1%

You're not logged in!

Compare scores with friends on all Sporcle quizzes.
OR
Log In

Sporcle TV

Today on Sporcle TV


Watch our educational content, quiz creation guides, and fun videos on Sporcle TV.

Show Comments

Extras

Top Quizzes Today


Score Distribution

Your Account Isn't Verified!

In order to create a playlist on Sporcle, you need to verify the email address you used during registration. Go to your Sporcle Settings to finish the process.

Report this User

Report this user for behavior that violates our Community Guidelines.

Details: